Sports Quiz

Random Sports or Famous Quiz

Before and After: US Sports Quiz Stats

 Plays Quiz Updated Nov 1, 2018

Score 0/18 Timer 07:00
0 Plays Today
Hint (Before) Players % Correct
His record of 755 career Home Runs stood for 33 yearsHank Aaron Rodgers
98%
Indianapolis Colts WR who had 7 straight 1000-yard seasonsReggie Wayne Gretzky
81.4%
NBA All-Star traded to the Heat for Shaquille O'NealShawn Marion Barber
62.3%
Former Red Sox outfielder, named 2008 All-Star Game MVPJ.D. Drew Brees
54%
Baseball HOF-er partially known for the Pine Tar IncidentGeorge Brett Favre
49.7%
NBA Heat guard, once given the nickname 'Flash' by Shaquille O'NealDwyane Wade Boggs
49%
Former Sonics & Celtics SG and 10-time NBA All-StarRay Allen Iverson
46.5%
NFL RB who rushed for over 14,000 yards for the Patriots & JetsCurtis Martin Brodeur
40.8%
Only Detroit Pistons' player to be a member of the 2008 USA Olympic TeamTayshaun Prince Fielder
39.3%
Hint (Before) Players % Correct
Hockey HOF Goalie with 551 career winsPatrick Roy Williams
35.2%
Tennesse Titans RB who rushed for over 10,000 yardsEddie George Sisler
20.5%
Holds NFL record with 14 Interceptions in 1 seasonDick 'Night Train' Lane Kiffin
18.9%
NFL 2008 Offensive Rookie of the YearMatt Ryan Howard
18.1%
2009 NL Manager of the Year winnerJim Tracy McGrady
17.1%
Pitched a perfect game in 1994 for the Texas RangersKenny Rogers Hornsby
15.4%
Cincinnati Bengals QB from 1971-1986Ken Anderson Varejao
9.9%
HOF Pitcher ranking 3rd all-time in Wins and 2nd All-time in ShutoutsGrover Cleveland Alexander Ovechkin
9.9%
Led NBA in assists and steals in 2007 and 2008.Chris Paul Warfield
6.7%

You're not logged in!

Compare scores with friends on all Sporcle quizzes.
OR
Log In

Sporcle TV

Today on Sporcle TV


Watch our educational content, quiz creation guides, and fun videos on Sporcle TV.

Show Comments

Extras

Top Quizzes Today


Score Distribution

Your Account Isn't Verified!

In order to create a playlist on Sporcle, you need to verify the email address you used during registration. Go to your Sporcle Settings to finish the process.

Report this User

Report this user for behavior that violates our Community Guidelines.

Details: